El miedo a la revolución /

En esta obra, el filósofo y escritor francés, Jean-Paul Sartre (1905-1980) acusa a la izquierda de haber traicionado al movimiento revolucionario y examina sucesivamente las posiciones tomadas por sus jefes. Considera el problema estudiantil no sólo en la realidad francesa sino también en el plano i...

وصف كامل

محفوظ في:
التفاصيل البيبلوغرافية
المؤلف الرئيسي: Sartre, Jean-Paul (autor)
التنسيق: كتاب
اللغة:الإسبانية
منشور في: Buenos Aires, Argentina : Proteo, 1970, c1970
سلاسل:(Perfil del Tiempo ; 6)
الموضوعات:
الوسوم: إضافة وسم
لا توجد وسوم, كن أول من يضع وسما على هذه التسجيلة!

MARC

LEADER 00000nam^a2200000^a^4500
001 000187917
005 20250521000000.0
009 20260310102317.784
037 |a Acervo ITESO - Biblioteca 
041 |a ESP 
082 |a 335. 43  |b SAR 
100 |a Sartre, Jean-Paul  |e (autor) 
245 1 3 |a El miedo a la revolución /  |c J.P. Sartre ; tr. por Hugo Acevedo. 
264 4 |a Buenos Aires, Argentina :  |b Proteo,  |c 1970, c1970 
300 |a 56 p. 
336 |a texto  |b txt  |2 rdacontenido 
337 |a sin mediación  |b n  |2 rdamedio 
338 |a volumen  |b nc  |2 rdasoporte 
440 1 |a (Perfil del Tiempo ;  |v 6) 
500 |a Traducción de: Les communistes ont peur de la révolution 
520 |a En esta obra, el filósofo y escritor francés, Jean-Paul Sartre (1905-1980) acusa a la izquierda de haber traicionado al movimiento revolucionario y examina sucesivamente las posiciones tomadas por sus jefes. Considera el problema estudiantil no sólo en la realidad francesa sino también en el plano internacional. Destaca la importancia de los vínculos obrero-estudiantiles y es optimista con respecto a esa nueva izquierda que se perfila fuera del Partido Comunista. En una segunda parte titulada El Hombre el autor analiza algunos aspectos de su vida y su obra. 
649 |a XX 
650 |a Movimientos Estudiantiles -  |z Francia 
650 |a Movimientos Obreros -  |z Francia 
650 |a Partido Comunista -  |z Francia 
650 |a Revolución 
650 |a Izquierda, La -  |z Francia 
650 |a Comunismo -  |x Historia y Crítica 
650 |a Economía Política 
650 |a Política 
910 |a Fondo General 
920 |a Impresos - Libros 
930 |a Colección General 
905 |a 101 
901 |a 0500130127  |b IT1  |c ACC  |u 20250521 
902 |a https://opac.biblio.iteso.mx/vufind/Record/000187917